[Event "Taastrup Aktiv-Alliancen"]
[Site "Taastrup"]
[Date "2003.06.01"]
[Round "9"]
[White "Lauritsen, Martin Lee"]
[Black "Foslund, Kasper"]
[Result "0-1"]
[WhiteElo "1768"]
[BlackElo "1593"]
[PlyCount "86"]
[EventDate "2003.05.23"]
[EventType "swiss"]
[EventRounds "9"]
[EventCountry "DEN"]
[SourceTitle "EXT 2023"]
[Source "ChessBase"]
[SourceDate "2022.10.05"]
[SourceVersion "1"]
[SourceVersionDate "2022.10.05"]
[SourceQuality "1"]

1. e4 c5 2. Nf3 Nc6 3. d4 cxd4 4. Nxd4 e5 5. Nb5 a6 6. Nd6+ Bxd6 7. Qxd6 Qf6 8. Qd1 Nge7 9. Nc3 0-0 10. Be2 d6 11. 0-0 Nd4 12. Bc4 Ndc6 13. Be3 Be6 14. Bxe6 Qxe6 15. Nd5 Qg6 16. Nb6 Rad8 17. f3 f5 18. Nc4 fxe4 19. Bb6 Rd7 20. fxe4 Rxf1+ 21. Qxf1 Qxe4 22. Ne3 Nc8 23. Nc4 Rf7 24. Qd3 Qxd3 25. cxd3 d5 26. Nxe5 Nxe5 27. Re1 Nxd3 28. Re8+ Rf8 29. Rxf8+ Kxf8 30. Bd4 g6 31. a3 Kf7 32. Kf1 Ke6 33. Ke2 Nc1+ 34. Kf3 Nb3 35. Bh8 Nd6 36. Kg4 Nf7 37. Bc3 d4 38. Bxd4 Nxd4 39. h4 h5+ 40. Kf4 Kd5 41. g4 Ne6+ 42. Kg3 Ne5 43. gxh5 gxh5 0-1

[Event "Taastrup Aktiv-Alliancen"]
[Site "Taastrup"]
[Date "2003.05.31"]
[Round "7"]
[White "Foslund, Kasper"]
[Black "Erichsen, Dan"]
[Result "0-1"]
[WhiteElo "1593"]
[BlackElo "2138"]
[PlyCount "120"]
[EventDate "2003.05.23"]
[EventType "swiss"]
[EventRounds "9"]
[EventCountry "DEN"]
[SourceTitle "EXT 2023"]
[Source "ChessBase"]
[SourceDate "2022.10.05"]
[SourceVersion "1"]
[SourceVersionDate "2022.10.05"]
[SourceQuality "1"]

1. e4 e5 2. Nf3 Nc6 3. Bb5 a6 4. Ba4 Nf6 5. d3 b5 6. Bb3 Bc5 7. a4 Bb7 8. c3 d6 9. 0-0 0-0 10. Be3 Bxe3 11. fxe3 Qe7 12. Nbd2 Rad8 13. axb5 axb5 14. Bd5 Nxd5 15. exd5 Nb8 16. e4 f5 17. b3 Nd7 18. Qc2 Rb8 19. c4 bxc4 20. bxc4 Bc8 21. Rfb1 Rxb1+ 22. Qxb1 Nc5 23. Ra7 fxe4 24. dxe4 Bg4 25. Ra3 Bh5 26. Qe1 Qf7 27. Qg3 Bg6 28. Qe1 Qf4 29. Re3 Ra8 30. g3 Qh6 31. Rc3 Qh5 32. Re3 h6 33. Nh4 Bh7 34. Nhf3 Qg4 35. Kg2 Kh8 36. h3 Qg6 37. Qb1 Rf8 38. Qc2 Rf4 39. Qb1 Nxe4 40. Nxe4 Rxe4 41. Rxe4 Qxe4 42. Qxe4 Bxe4 43. Kf2 Bxf3 44. Kxf3 g5 45. Ke4 Kg7 46. Kf5 Kf7 47. g4 Ke7 48. Ke4 Kd7 49. c5 dxc5 50. Kxe5 c6 51. dxc6+ Kxc6 52. Kf5 c4 53. Kg6 c3 54. Kxh6 c2 55. Kxg5 c1Q+ 56. Kh5 Kd6 57. h4 Ke6 58. Kg6 Qf4 59. Kh5 Kf7 60. g5 Qf5 0-1

[Event "Taastrup Aktiv-Alliancen"]
[Site "Taastrup"]
[Date "2003.05.25"]
[Round "4"]
[White "Foslund, Kasper"]
[Black "Sandbech, Ted Henrik"]
[Result "1/2-1/2"]
[WhiteElo "1593"]
[BlackElo "1539"]
[PlyCount "96"]
[EventDate "2003.05.23"]
[EventType "swiss"]
[EventRounds "9"]
[EventCountry "DEN"]
[SourceTitle "EXT 2023"]
[Source "ChessBase"]
[SourceDate "2022.10.05"]
[SourceVersion "1"]
[SourceVersionDate "2022.10.05"]
[SourceQuality "1"]

1. e4 d5 2. exd5 Qxd5 3. Nf3 Bg4 4. Be2 c6 5. d4 Nf6 6. 0-0 e6 7. h3 Bh5 8. Nc3 Qd8 9. Bf4 Be7 10. Ne5 Bxe2 11. Nxe2 0-0 12. a4 Nbd7 13. Nxd7 Qxd7 14. c3 Rfd8 15. Qc2 c5 16. Rfd1 Qe8 17. dxc5 Bxc5 18. b4 Be7 19. Nd4 Rac8 20. Qb3 Nd5 21. Bd2 Bf6 22. Ne2 Qc6 23. Rac1 Qc4 24. Qxc4 Rxc4 25. a5 h6 26. Be1 Rdc8 27. g3 Nxc3 28. Bxc3 Bxc3 29. Nxc3 Rxc3 30. Rxc3 Rxc3 31. Rd8+ Kh7 32. Rd7 b6 33. Rxa7 bxa5 34. bxa5 Kg6 35. Kg2 Ra3 36. a6 Kf6 37. f4 Kg6 38. Ra8 Kf6 39. a7 Kg6 40. g4 f5 41. Re8 Rxa7 42. Rxe6+ Kf7 43. gxf5 Ra5 44. Re5 Ra6 45. Kf3 Ra3+ 46. Kg4 Ra7 47. Rb5 Rc7 48. h4 Rc6 1/2-1/2

[Event "Taastrup Aktiv-Alliancen"]
[Site "Taastrup"]
[Date "2003.05.25"]
[Round "5"]
[White "Rosenkilde, Alexander"]
[Black "Foslund, Kasper"]
[Result "1/2-1/2"]
[WhiteElo "1679"]
[BlackElo "1593"]
[PlyCount "137"]
[EventDate "2003.05.23"]
[EventType "swiss"]
[EventRounds "9"]
[EventCountry "DEN"]
[SourceTitle "EXT 2023"]
[Source "ChessBase"]
[SourceDate "2022.10.05"]
[SourceVersion "1"]
[SourceVersionDate "2022.10.05"]
[SourceQuality "1"]

1. d4 d5 2. c4 e6 3. Nc3 Nf6 4. Nf3 Be7 5. Bf4 c6 6. e3 Nbd7 7. cxd5 exd5 8. h3 0-0 9. Bd3 Re8 10. 0-0 Nf8 11. Rb1 a5 12. a3 Ne6 13. Bh2 Bd6 14. Bxd6 Qxd6 15. Na4 Nd7 16. Qc2 g6 17. Rfc1 b5 18. Nc3 Nb6 19. a4 b4 20. Ne2 Bb7 21. b3 Rac8 22. Qd1 c5 23. dxc5 Nxc5 24. Bb5 Re7 25. Ng3 Rec7 26. Nh2 Ne6 27. Rxc7 Rxc7 28. Ng4 Bc6 29. Nh6+ Kf8 30. Bxc6 Qxc6 31. Qf3 Qc3 32. Ng4 Kg7 33. h4 h5 34. Nh2 Qc2 35. Qd1 Qxd1+ 36. Rxd1 Rc3 37. Rb1 Nc5 38. Nf3 Nxb3 39. e4 dxe4 40. Nxe4 Rc1+ 41. Rxc1 Nxc1 42. Nc5 Ne2+ 43. Kf1 Nc3 44. Nb3 Nc4 45. Nc5 Kf6 46. Ke1 Kf5 47. Nd4+ Ke5 48. Ndb3 Kd5 49. f3 Kc6 50. Kf2 Nb2 51. g4 Ncxa4 52. gxh5 gxh5 53. Nxa4 Nxa4 54. Nxa5+ Kb5 55. Nb3 Kc4 56. Na5+ Kd5 57. Ke3 Nc5 58. Kf4 Ne6+ 59. Kf5 Nd4+ 60. Kf6 Nxf3 61. Kxf7 Nxh4 62. Kf6 Nf3 63. Kf5 Kc5 64. Nb3+ Kc4 65. Na5+ Kc3 66. Kf4 Nd2 67. Kg5 Nc4 68. Nb7 b3 69. Nc5 1/2-1/2

[Event "Taastrup Aktiv-Alliancen C"]
[Site "Taastrup"]
[Date "2002.01.26"]
[Round "3"]
[White "Foslund, Kasper"]
[Black "Hansen, Alexei Cherstiouk"]
[Result "0-1"]
[WhiteElo "1601"]
[BlackElo "1491"]
[PlyCount "92"]
[EventDate "2002.01.25"]
[EventType "tourn"]
[EventRounds "5"]
[EventCountry "DEN"]
[SourceTitle "EXT 2023"]
[Source "ChessBase"]
[SourceDate "2022.10.05"]
[SourceVersion "1"]
[SourceVersionDate "2022.10.05"]
[SourceQuality "1"]

1. e4 g6 2. f4 d6 3. Nf3 Nc6 4. d3 Bg7 5. Be2 f5 6. 0-0 Nf6 7. e5 Nd5 8. c4 Nb6 9. d4 e6 10. Nc3 Nd7 11. Be3 0-0 12. h4 Qe7 13. Nb5 Rb8 14. Ng5 h6 15. Nxe6 Qxe6 16. d5 Qe7 17. dxc6 bxc6 18. Nd4 Bb7 19. Bf3 dxe5 20. Nxc6 Bxc6 21. Bxc6 exf4 22. Bxa7 Rbd8 23. Bd5+ Kh7 24. Qc2 Qxh4 25. Rae1 Nf6 26. Bf3 Rfe8 27. Bf2 Qg5 28. b4 Ng4 29. Bxg4 fxg4 30. Rxe8 Rxe8 31. Re1 Rd8 32. a4 g3 33. Bc5 Qh4 34. Re6 Qh5 35. Re1 Qh2+ 36. Kf1 Qh1+ 37. Bg1 Bd4 38. Re7+ Kh8 39. Qe4 Qxg1+ 40. Ke2 Qf2+ 41. Kd3 Be5+ 42. Qd5 Qe3+ 43. Kc2 Qc3+ 44. Kd1 Rxd5+ 45. cxd5 f3 46. gxf3 g2 0-1

[Event "Taastrup op"]
[Site "Taastrup"]
[Date "2001.02.10"]
[Round "8"]
[White "Sandbech, Ted Henrik"]
[Black "Foslund, Kasper"]
[Result "0-1"]
[WhiteElo "1691"]
[BlackElo "1381"]
[PlyCount "92"]
[EventDate "2001.01.19"]
[EventType "swiss"]
[EventRounds "9"]
[EventCountry "DEN"]
[SourceTitle "EXT 2018"]
[Source "ChessBase"]
[SourceDate "2017.10.13"]
[SourceVersion "1"]
[SourceVersionDate "2017.10.13"]
[SourceQuality "1"]

1. Nf3 c5 2. e4 Nc6 3. d4 cxd4 4. Nxd4 d6 5. Nxc6 bxc6 6. Be2 g6 7. Bd2 Bg7 8. Nc3 Nf6 9. 0-0 0-0 10. Re1 Rb8 11. Rb1 Bb7 12. Bf3 Nd7 13. Qc1 Ne5 14. Be2 Qc8 15. h3 c5 16. f4 Nc6 17. Bb5 Nd4 18. Bc4 e5 19. Nd5 Kh8 20. c3 Nc6 21. Bd3 exf4 22. Bxf4 Ne5 23. Be2 f5 24. Bh6 fxe4 25. Bxg7+ Kxg7 26. Ne3 d5 27. Ng4 Nxg4 28. Bxg4 Qc6 29. Qg5 Qf6 30. Qxf6+ Rxf6 31. Rf1 Rbf8 32. Be2 Rxf1+ 33. Rxf1 Rxf1+ 34. Kxf1 Kf6 35. Ke1 d4 36. g3 g5 37. Bg4 h6 38. Kd2 Ke5 39. a3 a5 40. Bd7 Ba6 41. Bg4 e3+ 42. Kd1 d3 43. b3 c4 44. b4 axb4 45. axb4 Bb5 46. Ke1 Ke4 0-1

[Event "Taastrup op"]
[Site "Taastrup"]
[Date "2001.02.09"]
[Round "7"]
[White "Foslund, Kasper"]
[Black "Skjoldan, Benjamin"]
[Result "1-0"]
[WhiteElo "1381"]
[BlackElo "1677"]
[PlyCount "101"]
[EventDate "2001.01.19"]
[EventType "swiss"]
[EventRounds "9"]
[EventCountry "DEN"]
[SourceTitle "EXT 2018"]
[Source "ChessBase"]
[SourceDate "2017.10.13"]
[SourceVersion "1"]
[SourceVersionDate "2017.10.13"]
[SourceQuality "1"]

1. e4 c5 2. f4 Nc6 3. Nf3 Nf6 4. Nc3 d6 5. d3 e6 6. Be2 Be7 7. 0-0 Bd7 8. b3 Qc7 9. Kh1 0-0-0 10. Nb5 Qb6 11. c4 d5 12. e5 Ne8 13. a4 d4 14. Ng5 Bxg5 15. fxg5 Rf8 16. Bh5 Nxe5 17. Bf4 Ng6 18. Bg3 Bxb5 19. axb5 Nd6 20. Be1 Nf5 21. Ba5 Qd6 22. Bxd8 Ne3 23. Qb1 Nxf1 24. Qxf1 Kxd8 25. Rxa7 Kc7 26. Bf3 Rb8 27. Be4 Qf4 28. Qa1 Qxg5 29. Qa5+ Kc8 30. Qe1 f5 31. Bxb7+ Rxb7 32. Qxe6+ Kb8 33. Rxb7+ Kxb7 34. Qc6+ Kb8 35. Qd6+ Kc8 36. Qxc5+ Kd7 37. Qxd4+ Ke8 38. Qf2 Qc1+ 39. Qg1 Qd2 40. Qf1 Qc3 41. g3 Ne7 42. Qd1 g6 43. d4 Kd7 44. Kg2 Kd6 45. c5+ Kd5 46. Qe1 Kxd4 47. Qxe7 Qxc5 48. Qg7+ Ke4 49. Qxh7 g5 50. Qb7+ Kd3 51. Qf3+ 1-0

[Event "Taastrup op"]
[Site "Taastrup"]
[Date "2001.01.27"]
[Round "6"]
[White "Simonsen, Per"]
[Black "Foslund, Kasper"]
[Result "1-0"]
[WhiteElo "1852"]
[BlackElo "1381"]
[PlyCount "153"]
[EventDate "2001.01.19"]
[EventType "swiss"]
[EventRounds "9"]
[EventCountry "DEN"]
[SourceTitle "EXT 2018"]
[Source "ChessBase"]
[SourceDate "2017.10.13"]
[SourceVersion "1"]
[SourceVersionDate "2017.10.13"]
[SourceQuality "1"]

1. d4 d5 2. c4 e6 3. Nc3 Nf6 4. Bg5 Be7 5. e3 b6 6. Nf3 Nbd7 7. Qc2 Bb7 8. 0-0-0 c5 9. Kb1 cxd4 10. Nxd4 a6 11. cxd5 Nxd5 12. Nxd5 Bxd5 13. Bxe7 Qxe7 14. Nf5 Bxa2+ 15. Kxa2 exf5 16. Qxf5 Nc5 17. Bc4 0-0 18. Rd4 g6 19. Qf3 Rac8 20. h4 Kg7 21. h5 Rc7 22. h6+ Kh8 23. Rhd1 b5 24. Bd5 f5 25. Kb1 Na4 26. Qf4 Nb6 27. Bb3 Nc4 28. Bxc4 bxc4 29. Rxc4 Rb7 30. Qd4+ Kg8 31. Qd5+ Qf7 32. Ra4 Qxd5 33. Rxd5 Rfb8 34. Ra2 Ra7 35. Rd6 Rba8 36. Ra5 Kf7 37. b3 Rb7 38. Kb2 Rab8 39. Ra3 a5 40. Rd3 Ra8 41. Ra4 Ra6 42. Ka3 Ke7 43. Rad4 Ke6 44. f4 Re7 45. Rd5 Kf6 46. Ka4 Re4+ 47. R5d4 Rxd4+ 48. Rxd4 g5 49. Rd5 gxf4 50. exf4 Re6 51. Kxa5 Re4 52. Rd6+ Ke7 53. Rc6 Kf7 54. Rc4 Re2 55. b4 Ra2+ 56. Kb6 Rxg2 57. b5 Rh2 58. Rc6 Rh4 59. Kc7 Rxf4 60. b6 Re4 61. b7 Re7+ 62. Kb6 Rxb7+ 63. Kxb7 f4 64. Kb6 f3 65. Rc3 Kg6 66. Rxf3 Kxh6 67. Rg3 Kh5 68. Kc5 Kh4 69. Rg1 h5 70. Kd4 Kh3 71. Ke3 h4 72. Kf3 Kh2 73. Rg4 Kh3 74. Rb4 Kh2 75. Rxh4+ Kg1 76. Rh5 Kf1 77. Rh1# 1-0

[Event "Taastrup op"]
[Site "Taastrup"]
[Date "2001.01.20"]
[Round "3"]
[White "Foslund, Kasper"]
[Black "Nielsen, Richard Hjort"]
[Result "1-0"]
[WhiteElo "1381"]
[BlackElo "1453"]
[PlyCount "77"]
[EventDate "2001.01.19"]
[EventType "swiss"]
[EventRounds "9"]
[EventCountry "DEN"]
[SourceTitle "EXT 2018"]
[Source "ChessBase"]
[SourceDate "2017.10.13"]
[SourceVersion "1"]
[SourceVersionDate "2017.10.13"]
[SourceQuality "1"]

1. e4 c5 2. Nf3 Nc6 3. d4 cxd4 4. Nxd4 Nf6 5. Nc3 d6 6. f3 g6 7. Be3 Bg7 8. Be2 0-0 9. 0-0 a6 10. a4 Bd7 11. Qd2 Qc7 12. Nd1 Ne5 13. c3 Rac8 14. Bf2 Nc4 15. Bxc4 Qxc4 16. Ne3 Qc7 17. Rfc1 Bh6 18. Rd1 Rfd8 19. Qe2 Bc6 20. c4 e6 21. b3 Bg7 22. Nxc6 Qxc6 23. Ra2 d5 24. cxd5 exd5 25. Rc2 Qe6 26. Rxc8 Rxc8 27. exd5 Qe5 28. Bg3 Qc3 29. Rd3 Qa1+ 30. Kf2 Nh5 31. d6 Bd4 32. Qd2 Bb6 33. d7 Rd8 34. Rc3 Nxg3 35. hxg3 Qa3 36. Kf1 Qa1+ 37. Ke2 Ba5 38. Rc8 Qe5 39. f4 1-0

[Event "Taastrup op"]
[Site "Taastrup"]
[Date "2000.02.11"]
[Round "7"]
[White "Moller, Arne Vagn"]
[Black "Foslund, Kasper"]
[Result "1-0"]
[WhiteElo "1805"]
[BlackElo "1178"]
[PlyCount "107"]
[EventDate "2000.01.21"]
[EventType "swiss"]
[EventRounds "9"]
[EventCountry "DEN"]
[SourceTitle "EXT 2023"]
[Source "ChessBase"]
[SourceDate "2022.10.05"]
[SourceVersion "1"]
[SourceVersionDate "2022.10.05"]
[SourceQuality "1"]

1. e4 c5 2. b3 Nc6 3. Bb2 e5 4. Nf3 d6 5. Be2 Nf6 6. d3 Be7 7. 0-0 0-0 8. c3 Qc7 9. Qc2 d5 10. Nbd2 d4 11. a3 a5 12. c4 h6 13. Rfe1 Nh7 14. Bc1 Qd6 15. Nf1 Kh8 16. Ng3 Rg8 17. Kh1 Be6 18. Bd2 Qd7 19. Rab1 b6 20. Qc1 g5 21. Rf1 Raf8 22. Ne1 f5 23. Nc2 f4 24. Nh5 Qe8 25. b4 g4 26. Nxf4 exf4 27. Bxf4 Bg5 28. Bxg5 Nxg5 29. bxc5 bxc5 30. Rb6 Qd7 31. Qd2 Rb8 32. Rfb1 Rxb6 33. Rxb6 Qc7 34. Rb5 Qa7 35. Qf4 Qe7 36. Rb6 Rf8 37. Qg3 Nd8 38. Bxg4 Ngf7 39. Bxe6 Nxe6 40. f4 Qc7 41. Rxe6 Qd7 42. Rb6 Qc7 43. Rb5 Nd6 44. Rb1 a4 45. e5 Nc8 46. Qf3 Rg8 47. Rb7 Qa5 48. Qh5 Qa6 49. Qf7 Qg6 50. Qxg6 Rxg6 51. Rc7 Nb6 52. Rxc5 Kg8 53. Nxd4 h5 54. e6 1-0

[Event "Taastrup op"]
[Site "Taastrup"]
[Date "2000.01.21"]
[Round "1"]
[White "Nielsen, Dagh"]
[Black "Foslund, Kasper"]
[Result "0-1"]
[WhiteElo "1744"]
[BlackElo "1178"]
[PlyCount "92"]
[EventDate "2000.01.21"]
[EventType "swiss"]
[EventRounds "9"]
[EventCountry "DEN"]
[SourceTitle "EXT 2001"]
[Source "ChessBase"]
[SourceDate "2000.11.22"]
[SourceVersion "1"]
[SourceVersionDate "2000.11.22"]
[SourceQuality "1"]

1. e4 c5 2. Nf3 Nc6 3. Bb5 e6 4. 0-0 a6 5. Bxc6 bxc6 6. b3 d5 7. d3 Bd6 8. Bb2 f6 9. e5 Be7 10. Re1 Nh6 11. Nc3 0-0 12. Ne2 Nf7 13. Ng3 f5 14. a4 a5 15. Nh5 Ng5 16. Nf4 Bd7 17. Ba3 Nxf3+ 18. Qxf3 Rf7 19. g3 g5 20. Nh5 Qf8 21. Re2 g4 22. Qe3 d4 23. Qf4 Kh8 24. Kg2 h6 25. Nf6 Rd8 26. Rh1 Bc8 27. h3 Bxf6 28. exf6 gxh3+ 29. Rxh3 Rxf6 30. c4 dxc3 31. Qc4 Rd5 32. Qxc3 Kh7 33. Qxa5 e5 34. Bb2 f4 35. f3 Bxh3+ 36. Kxh3 fxg3 37. Rxe5 Rf7 38. Qb6 Rxd3 39. a5 g2 40. Re1 Rdxf3+ 41. Kxg2 Rf2+ 42. Kg1 Rf1+ 43. Rxf1 Rxf1+ 44. Kg2 Qf3+ 45. Kh2 Rf2+ 46. Kg1 Qg2# 0-1